Wild Animals/ (Record no. 152736)

MARC details
000 -LEADER
fixed length control field 00750nam a22002537a 4500
003 - CONTROL NUMBER IDENTIFIER
control field dpl
005 - DATE AND TIME OF LATEST TRANSACTION
control field 20180714112352.0
008 - FIXED-LENGTH DATA ELEMENTS--GENERAL INFORMATION
fixed length control field 180615b xxu||||| |||| 00| 0 eng d
010 ## - LIBRARY OF CONGRESS CONTROL NUMBER
LC control number B-128149
016 ## - NATIONAL BIBLIOGRAPHIC AGENCY CONTROL NUMBER
Record control number B-128149
035 ## - SYSTEM CONTROL NUMBER
System control number B-128149,B-128150
037 ## - SOURCE OF ACQUISITION
Source of stock number/acquisition BPPD/PUB
040 ## - CATALOGING SOURCE
Original cataloging agency DPL
Transcribing agency 0
082 ## - DEWEY DECIMAL CLASSIFICATION NUMBER
Classification number 639.95
Item number HOR
100 ## - MAIN ENTRY--PERSONAL NAME
Personal name Hornaday. T William
245 ## - TITLE STATEMENT
Title Wild Animals/
Statement of responsibility, etc by William T. Hornaday
Remainder of title Their Minds and Manners
260 ## - PUBLICATION, DISTRIBUTION, ETC. (IMPRINT)
Place of publication, distribution, etc New Delhi
Name of publisher, distributor, etc Mittal Publications
Date of publication, distribution, etc 2003
270 ## - ADDRESS
City Delhi
Address A-110, Mohan Garden Delhi-110059
300 ## - PHYSICAL DESCRIPTION
Extent x, 328p. ;
Dimensions 20cm. (HB)
500 ## - GENERAL NOTE
General note Includes index<br/>
650 ## - SUBJECT ADDED ENTRY--TOPICAL TERM
Topical term or geographic name as entry element Zoology
9 (RLIN) 111298
650 ## - SUBJECT ADDED ENTRY--TOPICAL TERM
Topical term or geographic name as entry element Habitat (Ecology)
9 (RLIN) 42026
942 ## - ADDED ENTRY ELEMENTS (KOHA)
Source of classification or shelving scheme Dewey Decimal Classification
Koha item type English Books
Classification part 639.95
Call number suffix HOR
Holdings
Withdrawn status Lost status Source of classification or shelving scheme Damaged status Not for loan Collection code Home library Current library Date acquired Source of acquisition Cost, normal purchase price Total Checkouts Full call number Barcode Date last seen Cost, replacement price Price effective from Koha item type
    Dewey Decimal Classification     Non-fiction Shahdara Branch Shahdara Branch 15/06/2018 BPPD/PUB 0.00   639.95 HOR B-128149 15/06/2018 0.00 15/06/2018 English Books
    Dewey Decimal Classification     Non-fiction Tri Nagar Tri Nagar 14/07/2018 BPPD/pub 0.00   639.95 HOR B-128150 14/07/2018 0.00 14/07/2018 English Books

© Delhi Public Library
Hit Counter
free hit counter